000
00421nam a2200145Ia 4500
008
100122s9999 xx 000 0 und d
082
_b
68489
_a
81
100
_a
खाडिलकर नीलकंठ
245
_a
हिंदुत्व
260
_b
परचुरे प्रक ाशन
_c
2005
300
_a
123
630
_a
हिंदुत्व
730
_a
हिंदुत्व
942
_c
BOOK
999
_c
440120
_d
440117